Library Catalog

Noosim the planted seed/ (Record no. 206679)

MARC details
000 -LEADER
fixed length control field 00604nam a2200193Ia 4500
003 - CONTROL NUMBER IDENTIFIER
control field OSt
005 - DATE AND TIME OF LATEST TRANSACTION
control field 20260425105348.0
008 - FIXED-LENGTH DATA ELEMENTS--GENERAL INFORMATION
fixed length control field 240806s9999||||xx |||||||||||||| ||und||
020 ## - INTERNATIONAL STANDARD BOOK NUMBER
International Standard Book Number 9789966985204
040 ## - CATALOGING SOURCE
Original cataloging agency Kenya National Library Service
082 ## - DEWEY DECIMAL CLASSIFICATION NUMBER
Classification number 828.99676203 RIS
100 ## - MAIN ENTRY--PERSONAL NAME
Personal name Risa, ole Jeremiah
245 #0 - TITLE STATEMENT
Title Noosim the planted seed/
Statement of responsibility, etc. Jeremiah Ole Risa.
300 ## - PHYSICAL DESCRIPTION
Extent v,126 pages ;
Dimensions 22 cm.
650 ## - SUBJECT ADDED ENTRY--TOPICAL TERM
Topical term or geographic name entry element English literature.
942 ## - ADDED ENTRY ELEMENTS (KOHA)
Koha item type Books
Source of classification or shelving scheme Dewey Decimal Classification
Classification part 828.99676203 RIS
Holdings
Withdrawn status Source of classification or shelving scheme Damaged status Not for loan Collection Home library Current library Shelving location Date acquired Source of acquisition Cost, normal purchase price Inventory number Total checkouts Full call number Barcode Date last seen Price effective from Koha item type Public note
  Dewey Decimal Classification   Not for loan Kenyana Preservation, Conservation & Publication Preservation, Conservation & Publication   06/11/2008 LEG 200.00 2004-183   828.99676203 RIS KNLS170263 07/01/2025 02/19/2024 Books Not for Loan
  Dewey Decimal Classification   Not for loan Kenyana Preservation, Conservation & Publication Preservation, Conservation & Publication   06/11/2008 LEG 200.00 2004-183   828.99676203 RIS KNLS143084 07/01/2025 02/19/2024 Books Not for Loan

© 2025, Kenya National Library Service | Designed & Maintained by Uvumbuzi Center